| 000 | 00391cam a22001097a 4500 | ||
|---|---|---|---|
| 008 | 180718b xxu||||| |||| 00| 0 eng d | ||
| 082 | _aX91x42 | ||
| 100 | _aCommittee On Air Pollution | ||
| 245 |
_aCommittee on air pollution : interim report _cby Committee On Air Pollution, United Kingdom |
||
| 260 |
_aLondon _bHer Majesty's Stationery Office _c |
||
| 500 | _aContents : Library has 1953,1959, 1964 | ||
| 999 |
_c498816 _d498816 |
||